000
00273nam a22001217a 4500
020
_a
NA
082
_2
22
_a
621.36720
100
_a
Gupta, S. C.
245
_a
Optoelectronic devices and systems /
260
_b
Prentice Hall,
_c
c2005.
300
_a
0
_b
ill. ;
942
_2
ddc
_c
EE
999
_c
4311
_d
4311